| 000 | 00693nam a22002055i 4500 | ||
|---|---|---|---|
| 001 | 157500 | ||
| 003 | ES-MaACL | ||
| 005 | 20230906210718.0 | ||
| 008 | 040810s1866 gw |||| | eng d | ||
| 040 |
_aCAM _bspa _cCAM |
||
| 100 | 1 |
_aLemon, Mark. _9128872 |
|
| 245 | 1 | 0 |
_aFalkner Lyle or The story of two wives / _cby Mark Lemon. |
| 260 |
_aLeipzig : _bBernhard Tauchnitz, _c1866. |
||
| 300 |
_a2 v. (VIII, 320; VI, 314 p.) ; _c16 cm. |
||
| 490 | 1 |
_aCollection of british authors ; _v823; 824 |
|
| 740 | 4 | 1 | _aThe story of two wives. |
| 830 | 0 |
_aCollection of british authors ; _v823; 824 _9180703 |
|
| 852 |
_aES-MaACL _jG-12628 _z-- Enc. hol. _z-- 2 t. en 1 v. |
||
| 999 |
_c157500 _d157500 |
||